| 000 | 00899nam a2200229Ia 4500 | ||
|---|---|---|---|
| 003 | PE SENCICO BE | ||
| 005 | 20260219153930.0 | ||
| 008 | 200515s9999 xx 000 0 und d | ||
| 040 |
_aPE SENCICO BE _cPE SENCICO BE |
||
| 041 | _aspa | ||
| 082 |
_a696.18 _bI5 1990 |
||
| 110 | 1 |
_aInstituto Nacional de Investigación y Normalización de la Vivienda _9117 |
|
| 245 | 0 |
_aEquipamiento sanitario instalaciones sanitarias en interiores / _cInstituto Nacional de Investigación de Normalización de la Vivienda |
|
| 250 | _a3a ed. | ||
| 260 |
_aLima : _bMakers editores ; _c1990 |
||
| 300 |
_a53 páginas : _bilustraciones, tablas, gráficos ; _c30 cm. |
||
| 505 | 0 | _aEquipamiento sanitario: aparatos y accesorios de baño -- Instalaciones sanitarias | |
| 650 | 1 | 0 |
_aInstalaciones sanitarias _9332 |
| 650 | 2 | _aPUB ININVI | |
| 700 | 1 |
_aCastillo Anselmi, Luis _9118 _erevisor |
|
| 942 |
_cLIB _2ddc |
||
| 999 |
_c3557 _d3557 |
||